00867nam a2200193 a 450000100100000000500170001000800410002704000250006808200130009310000210010624502110012726000350033830000280037349000290040150000710043083000380050195201170053999900170065600004262420201002040300.0140203s1882 sp 000 0 spa d aDO-SdBNPbspacBNPHU axxxbxxx1 aJenofonte96299310aHistoria de la entrada de Cyro el Menor en el asia /cXenofonte. Trasladada de griego en castellano por Diego Gracián y enmendada la traducción castellana por el licenciado D. Casimiro Flórez Canseco. aMadrid :bLuis Navarro,c1882. axxxiv, 316 p. ;c17 cm.1 aBiblioteca clásicav46 aIncluye referencia bibliográfica y notas al pie de las páginas 0aBiblioteca clásica ;n46969886 001056718DSaBNPHUbBNPHUcCTd2014-02-03iLF1l0oxxx xxxp42624-10r2020-06-25w2020-06-25y4ZNo se presta c42113d42113